000 01221nam a2200325 i 4500
003 EG-GICUC
005 20260408210622.0
008 260408s2005 ua ||||fr|||| 00| 0 ara d
017 _a2005/20725
020 _a9770314242
040 _a EG-GICUC
_bara
_c EG-GICUC
_d EG-GICUC
_erda
041 _aara
082 0 4 _221
_a343.82
_bر م . ع
092 0 4 _221
099 _aLaw1 10 343.82 ر م . ع 2005
100 0 _aرمسيس بهنام
_eمؤلف.
245 1 0 _aعلم النفس القضائى :
_bسبيل السمو بمرفق العدالة إلى مزيد من الأداء والفعالية /
_cتأليف دكتور رمسيس بهنام.
264 1 _aالإسكندرية :
_bمنشأة دار المعارف،
_c2005.
300 _a324 صفحة ;
_c24 سم.
336 _2rda content
_atext
337 _2rda media
_aComputer
338 _2rda carrier
_aOnline Resource
504 _aيشتمل على إرجاعات ببليوجرافية.
546 _aالنص باللغة العربية
650 1 _aالقانون الجنائي
650 1 _aعلم النفس القضائي
856 4 0 _uhttps://fll.law.cu.edu.eg/fulltext/bks/B10-09116.pdf
905 _a43
942 _2ddc
_n0
_cBK
_e21
999 _c69787
_d69787